Systémy hodnotenia úspešnosti zodpovedného podnikania diplomová práca

Gespeichert in:
Bibliographische Detailangaben
1. Verfasser: Hittrichová, Lucia
Körperschaft: Fakulta podnikového manažmentu EU. Katedra podnikovohospodárska
Weitere Verfasser: Dubcová, Gabriela, 1968-
Format: Buch
Sprache:Slowakisch
Veröffentlicht: Bratislava 2011
Tags: Tag hinzufügen
Keine Tags, Fügen Sie das erste Tag hinzu!

MARC

LEADER 00000nbm a2200000 4500
001 0131431
005 20170315090420.1
041 0 |a slo 
044 |a SK 
245 1 0 |a Systémy hodnotenia úspešnosti zodpovedného podnikania  |b diplomová práca  |c Lucia Hittrichová ; školiteľ: Gabriela Dubcová 
264 1 |a Bratislava  |c 2011 
300 |a 91 s. 
100 1 |a Hittrichová, Lucia 
700 1 |a Dubcová, Gabriela, 1968- 
710 2 |a Fakulta podnikového manažmentu EU. Katedra podnikovohospodárska